[Event "26th Chicago Open 2017"]
[Site "Chicago USA"]
[Date "2017.05.28"]
[Round "6.22"]
[White "Arjun,V"]
[Black "Shetty,A"]
[Result "0-1"]
[WhiteElo "2157"]
[BlackElo "2422"]
[EventType "swiss"]

1.c4 c5 2.Nf3 Nc6 3.Nc3 d6 4.d4 cxd4 5.Nxd4 Nf6 6.g3 g6 7.Bg2 Bd7 8.O-O Bg7
9.b3 Ne4 10.Bxe4 Nxd4 11.Bb2 Bc6 12.Qd2 Qa5 13.Rad1 Ne6 14.a3 Bxe4 15.Nxe4
Qxd2 16.Rxd2 Bxb2 17.Rxb2 Kd7 18.Rd1 Rhc8 19.Rd5 a6 20.a4 Rab8 21.Nc3 Nc7
22.Rd3 b6 23.e4 Ke8 24.Re2 b5 25.cxb5 axb5 26.e5 dxe5 27.Rxe5 bxa4 28.bxa4 Ne6
29.Nb5 Rc1+ 30.Kg2 Ra1 31.a5 Kf8 32.Na3 Ra8 33.Rde3 Ra6 34.h4 h6 35.f4 Ra2+
36.Kh3 Ng7 37.g4 h5 38.gxh5 Nxh5 39.f5 gxf5 40.Rxf5 Ng7 41.Rb5 e6 42.Nc4 Ra4
43.Rc5 Nf5 44.Rb3 Kg7 45.Rc7 Kf6 46.Rb6 Ra8 47.Rbb7 Nh6 48.Kg2 Rd8 49.Rb5 Nf5
50.h5 Rd4 51.Nb2 Rd2+ 52.Kf3 Ra3+ 53.Kg4 Rg3+ {#R} 0-1

[Event "4th Gligoric Cup 2017"]
[Site "Novi Banovci SRB"]
[Date "2017.05.25"]
[Round "1.3"]
[White "Stikovic,D"]
[Black "Benkovic,P"]
[Result "0-1"]
[WhiteElo "2186"]
[BlackElo "2389"]

1.c4 c5 2.Nc3 b6 3.Nf3 Bb7 4.g3 Nf6 5.Bg2 e6 6.O-O Be7 7.d4 cxd4 8.Nxd4 Bxg2
9.Kxg2 Qc7 10.b3 a6 11.Bb2 Qb7+ 12.f3 O-O 13.e4 d6 14.Qe2 Nbd7 15.Rad1 Rfe8
16.Nc2 Rac8 17.Ne3 Bf8 18.Rd2 Nc5 19.Kg1 Rb8 20.Ba3 Rec8 21.b4 Ncd7 22.b5 Nc5
23.bxa6 Qxa6 24.Nb5 Ne8 25.Nc2 Qb7 26.Rfd1 Ra8 27.Ncd4 Ra4 28.Nb3 Qa8 29.Bc1
Nd7 30.Rc2 Ne5 31.Rd4 Nc6 32.Rdd2 Nb4 33.Rb2 Be7 34.a3 Nc6 35.f4 Na7 36.Nxa7
Qxa7 37.Rbc2 b5+ 38.c5 dxc5 39.Qxb5 c4+ 40.Kg2 Rb8 {#R} 0-1

[Event "36th Zalakaros Open 2017"]
[Site "Zalakaros HUN"]
[Date "2017.05.24"]
[Round "7.9"]
[White "Erdos,V"]
[Black "Bagi,M"]
[Result "1-0"]
[WhiteElo "2614"]
[BlackElo "2455"]

1.Nf3 Nf6 2.c4 c5 3.d4 cxd4 4.Nxd4 e5 5.Nb5 d6 6.g3 Be6 7.Bg2 a6 8.N5c3 Bxc4
9.Bg5 Nbd7 10.Bxf6 Nxf6 11.Bxb7 Be6 12.Bc6+ Bd7 13.Bxd7+ Qxd7 14.Nd5 Rb8
15.Nbc3 Rxb2 16.Qd3 a5 17.O-O Be7 18.Rab1 Rxb1 19.Rxb1 Bd8 20.Nxf6+ gxf6 21.e4
O-O 22.Nd5 Kh8 23.Ne3 Qc6 24.Nd5 Re8 25.Qf3 Qd7 26.Ne3 Be7 27.Nd5 Bd8 28.Rb8
Be7 29.Rb6 Rc8 30.Kg2 Bd8 31.Rb2 Kg7 32.h4 Rc5 33.Ne3 {#r} 1-0

[Event "Guillermo Garcia Premier 2"]
[Site "Santa Clara CUB"]
[Date "2017.05.24"]
[Round "8.4"]
[White "Fernandez De La Vara,Arnaldo"]
[Black "Reyes Najera,C"]
[Result "1-0"]
[WhiteElo "2407"]
[BlackElo "2120"]

1.Nf3 c5 2.c4 Nf6 3.d4 cxd4 4.Nxd4 a6 5.Nc3 e6 6.e4 Qc7 7.Be2 Bb4 8.Nc2 Bxc3+
9.bxc3 Nxe4 10.Qd4 Nf6 11.Bf4 Qa5 12.Bd6 Nc6 13.Qe3 Ne7 14.Nd4 Qd8 15.Bf3 O-O
16.Qg5 Re8 17.O-O-O Ng6 18.h4 e5 19.h5 h6 20.Qg3 exd4 21.hxg6 Qa5 22.gxf7+
Kxf7 23.Qf4 Qxc3+ 24.Kb1 Re6 25.Bd5 a5 26.Rh3 g5 27.Qf5 Ra6 28.Rxc3 dxc3
29.Bxe6+ {#r} 1-0

[Event "Groninger Combinatie Open"]
[Site "Groningen NED"]
[Date "2017.05.28"]
[Round "6.5"]
[White "Maris,Iv"]
[Black "Hummel,E"]
[Result "1-0"]
[WhiteElo "2327"]
[BlackElo "2291"]

1.d4 Nf6 2.c4 c5 3.Nf3 e6 4.Nc3 cxd4 5.Nxd4 b6 6.Ndb5 Bb4 7.a3 Bxc3+ 8.Nxc3
O-O 9.Qd6 Bb7 10.Bg5 h6 11.Bh4 Nc6 12.e3 Rc8 13.b4 g5 14.Bg3 Ne7 15.Qd3 d5
16.cxd5 Nexd5 17.Nxd5 Qxd5 18.Qxd5 Bxd5 19.Ba6 Rc2 20.Bd3 Rcc8 21.Be5 Ng4
22.Bb2 Bxg2 23.Rg1 Bf3 24.Rg3 Rfd8 25.Bd4 e5 26.Bf5 exd4 27.Bxc8 Ne5 28.exd4
Rxd4 29.Bf5 g4 30.Bc2 Nd3+ 31.Kf1 Nxf2 32.Kxf2 Rd2+ 33.Ke3 Rxc2 34.h3 h5
35.Kf4 Kg7 36.Kg5 Rh2 37.hxg4 hxg4 38.Rc1 Ra2 39.Rc3 a5 40.bxa5 bxa5 41.Kf5 a4
42.Rcxf3 {#r} 1-0

[Event "26th Chicago Open 2017"]
[Site "Chicago USA"]
[Date "2017.05.27"]
[Round "5.5"]
[White "Hernandez Carmenates,Hold"]
[Black "Larson,Matthew W"]
[Result "1-0"]
[WhiteElo "2510"]
[BlackElo "2367"]
[EventType "swiss"]

1.d4 Nf6 2.c4 c5 3.Nf3 cxd4 4.Nxd4 e5 5.Nb5 d5 6.cxd5 Bc5 7.N5c3 O-O 8.g3 Qb6
9.e3 Bg4 10.Be2 Bxe2 11.Qxe2 e4 12.O-O Re8 13.b3 Nbd7 14.Bb2 a6 15.Nd2 Qc7
16.Rac1 Qd8 17.Rfd1 b5 18.a4 b4 19.Ncb1 Ba7 20.Rc6 Nxd5 21.Nc4 Qg5 22.h4 Qf5
23.g4 Nf4 24.gxf5 Nxe2+ 25.Kf1 Nc3 26.Rxd7 Nxb1 27.Rcc7 Bb8 28.Rb7 Nc3 29.Rxb4
{#r} 1-0

[Event "15th Somov Memorial 2017"]
[Site "Kirishi RUS"]
[Date "2017.05.25"]
[Round "8.1"]
[White "Hakobyan,Aram"]
[Black "Kacharava,Nikolozi"]
[Result "1-0"]
[WhiteElo "2449"]
[BlackElo "2180"]

1.d4 Nf6 2.Nf3 e6 3.c4 c5 4.g3 cxd4 5.Nxd4 Qc7 6.Nc3 a6 7.Bg2 Qxc4 8.O-O Qc7
9.e4 Nc6 10.Be3 Be7 11.Rc1 O-O 12.f4 d6 13.g4 Nxd4 14.Bxd4 Qd8 15.Be3 Nd7
16.g5 e5 17.h4 exf4 18.Rxf4 b5 19.Nd5 Bb7 20.Nxe7+ Qxe7 21.Rc7 Bc8 22.Bh3 Qe8
23.Qxd6 Qe5 24.Bc5 Re8 25.Bg2 Qxd6 26.Bxd6 Nf8 27.e5 Ne6 28.Rfxf7 Nxc7 29.Rxc7
Bf5 30.Bd5+ Kh8 31.Bxa8 Rxa8 32.Kf2 h6 33.gxh6 gxh6 34.Ke3 Rg8 35.e6 Rg4
36.Be5+ Kg8 37.Rc8+ Kh7 38.e7 Re4+ 39.Kf2 Rxe5 40.e8=Q Rxe8 41.Rxe8 a5 42.Re5
Bd3 43.Ke3 Bf1 44.Rf5 Bc4 45.b3 {#r} 1-0

[Event "St Louis Spring Classic A"]
[Site "Saint Louis USA"]
[Date "2017.05.23"]
[Round "8.2"]
[White "Kacheishvili,G"]
[Black "Bruzon Batista,L"]
[Result "0-1"]
[WhiteElo "2590"]
[BlackElo "2652"]

1.c4 c5 2.Nf3 Nf6 3.Nc3 Nc6 4.d4 cxd4 5.Nxd4 e6 6.a3 Bc5 7.Nb3 Bb6 8.c5 Bc7
9.Nb5 O-O 10.Nxc7 Qxc7 11.Bg5 Qe5 12.Qc1 b6 13.Bf4 Qf5 14.f3 e5 15.Bg3 e4
16.Qc2 Re8 17.e3 Bb7 18.O-O-O Rac8 19.Kb1 Ne5 20.Nd4 Qg6 21.Bxe5 Rxc5 22.Qb3
Bd5 23.Qa4 exf3+ 24.Bd3 Be4 25.Bxf6 Bxd3+ 26.Ka2 fxg2 27.Qxd7 Rcc8 28.Rhg1
gxf6 29.Nc6 Bc4+ 30.Ka1 Qe4 31.Rxg2+ Qxg2 32.Ne7+ Kg7 33.Nxc8 Rxe3 34.Qxa7 Qd2
35.Rg1+ Kh6 36.Ne7 Re1+ {#R} 0-1

[Event "10th KIIT Elite Open 2017"]
[Site "Bhubaneswar IND"]
[Date "2017.05.27"]
[Round "3.24"]
[White "Raghunandan,K"]
[Black "Vatsal,Singhania"]
[Result "1-0"]
[WhiteElo "2410"]
[BlackElo "2132"]

1.Nf3 Nf6 2.c4 c5 3.Nc3 Nc6 4.d4 cxd4 5.Nxd4 e6 6.g3 a6 7.Bg2 Bc5 8.Nb3 Be7
9.O-O O-O 10.e4 d6 11.Bf4 Rb8 12.Qe2 e5 13.Be3 b5 14.cxb5 axb5 15.Nxb5 Ba6
16.a4 Qd7 17.Rfd1 Qb7 18.Bf1 Nxe4 19.Qc4 Nf6 20.Rac1 Rfc8 21.Bh3 Nd7 22.Bg2 e4
23.Bxe4 Nde5 24.Qd5 Bxb5 25.axb5 Qxb5 26.Qxb5 Rxb5 27.Nd4 Rc5 28.Nxc6 Nxc6
29.Bxc5 dxc5 30.Bxc6 Rxc6 31.b4 g6 32.Rd5 c4 33.b5 Rc7 34.b6 Rb7 35.Rb5 Bd8
36.Rd1 Bf6 37.Rd6 Kg7 38.Kf1 Be7 39.Rc6 Bd8 40.Ke2 Kf8 41.Ke3 Ke7 42.Kd4 c3
43.Kxc3 Kd7 44.Rc4 Rxb6 45.Rd5+ Rd6 46.Rcd4 Rxd5 47.Rxd5+ Ke8 48.g4 h6 49.Kd3
Bc7 50.h4 Ke7 51.Ke4 Ke6 52.Rc5 Bd6 53.Rb5 Bc7 54.h5 Kf6 55.f3 Kg7 56.hxg6
Kxg6 57.Rf5 Bd8 58.Rh5 Bf6 59.Rb5 Bd8 60.Rc5 Be7 61.Rc6+ Bf6 62.Kf4 Kg7 63.Kf5
Bg5 64.Ke5 Bh4 65.Kd5 Bg3 66.Ra6 Bf4 67.Kc6 f5 68.gxf5 Kf6 69.Kd5+ Kxf5 70.Ra8
Be5 71.Rf8+ Bf6 72.Kc4 Ke5 73.Kd3 Bg5 74.Ke2 h5 75.Kf2 h4 76.Kg2 Bh6 77.Rh8
Bg5 78.Kh3 Kf5 79.Rf8+ Bf6 80.f4 Kg6 81.Kg4 Kg7 82.Rb8 Kf7 83.Kf5 Bd4 84.Rb7+
Kf8 85.Rh7 Bf2 86.Kg6 Bg3 87.f5 Kg8 88.f6 Be5 89.Rxh4 Bxf6 90.Kxf6 Kf8 91.Rh8#
1-0

[Event "26th Chicago Open 2017"]
[Site "Chicago USA"]
[Date "2017.05.25"]
[Round "1.9"]
[White "Lederer,Y"]
[Black "Macieja,B"]
[Result "0-1"]
[WhiteElo "2259"]
[BlackElo "2530"]
[EventType "swiss"]

1.Nf3 c5 2.c4 Nc6 3.d4 cxd4 4.Nxd4 e6 5.Nc3 Nf6 6.g3 Qb6 7.Ndb5 Ne5 8.Bg2 a6
9.Na4 Qd8 10.Nbc3 Nxc4 11.O-O d5 12.b3 Nd6 13.Bf4 Be7 14.Rc1 O-O 15.Qd3 Bd7
16.Nc5 Bc6 17.Rfd1 Qa5 18.Qb1 Qxc5 19.Nxd5 Qxd5 20.Bxd5 exd5 21.f3 Rad8 22.a4
Rfe8 23.g4 Bf8 24.Qb2 Re6 25.Rc2 Rde8 26.Kf1 Nc8 27.Qd4 Ne7 28.Bg3 g6 29.Qd2
h5 30.h3 Nh7 31.Bf2 g5 32.Bd4 hxg4 33.hxg4 f5 34.e3 fxg4 35.fxg4 Nf6 36.Qh2
Bg7 37.Qh3 Ng6 38.Rf2 Nh4 39.Kg1 Ne4 40.Rff1 Nc3 41.Rd2 Bxd4 42.exd4 Ne2+
43.Rxe2 Rxe2 44.Rf2 R2e3 {#R} 0-1

[Event "36th Zalakaros Open 2017"]
[Site "Zalakaros HUN"]
[Date "2017.05.24"]
[Round "7.4"]
[White "Banusz,T"]
[Black "Danin,A"]
[Result "1-0"]
[WhiteElo "2616"]
[BlackElo "2543"]

1.c4 c5 2.Nf3 Nf6 3.Nc3 d5 4.cxd5 Nxd5 5.d4 Nxc3 6.bxc3 g6 7.e3 Bg7 8.Bb5+ Nd7
9.a4 O-O 10.O-O b6 11.a5 Bb7 12.a6 Be4 13.Qa4 Nf6 14.Ne5 Rc8 15.f3 Ba8 16.e4
cxd4 17.cxd4 Ne8 18.Be3 Nd6 19.Be2 e6 20.Rfc1 Qe7 21.Qa3 Rfd8 22.Nc4 Bf8
23.Nxd6 Qxd6 24.Qxd6 Bxd6 25.Bg5 Rf8 26.Bb5 Kg7 27.e5 Bb4 28.Bd7 Rc3 29.Kf2
Rb8 30.Rab1 Ba5 31.Rxc3 Bxc3 32.Ke3 Ba5 33.Bf6+ Kh6 34.g4 Bd5 35.f4 Bc4 36.Rg1
g5 37.fxg5+ Kg6 38.Bc6 Bd5 39.Bb5 {#r} 1-0

[Event "36th Zalakaros Open 2017"]
[Site "Zalakaros HUN"]
[Date "2017.05.25"]
[Round "8.12"]
[White "Danin,A"]
[Black "Horvath,Ad1"]
[Result "1-0"]
[WhiteElo "2543"]
[BlackElo "2469"]

1.c4 Nf6 2.Nc3 e6 3.e4 c5 4.Nf3 Nc6 5.Be2 a6 6.O-O Qc7 7.d4 cxd4 8.Nxd4 Bd6
9.h3 Nxd4 10.Qxd4 b6 11.Be3 Bc5 12.Qd3 Bb7 13.Bf3 Rb8 14.Rfe1 Bxe3 15.Rxe3 d6
16.Rd1 Ke7 17.Qd2 Rhd8 18.Rd3 e5 19.b3 h6 20.g3 Qc5 21.a4 Bc6 22.Rc1 Qb4
23.Bg2 b5 24.cxb5 axb5 25.a5 Ba8 26.f4 Rdc8 27.Rd1 Ke8 28.Kh2 Qxa5 29.Rxd6
Rxc3 30.Rxf6 gxf6 31.Qd7+ Kf8 32.Qd6+ Kg7 33.Qxb8 Rc2 34.Rd8 Rxg2+ 35.Kxg2
Bxe4+ 36.Kf2 Bh7 37.fxe5 Qa2+ 38.Ke1 Qa1+ 39.Ke2 fxe5 40.Qxb5 Bg6 41.Qc5 Kh7
42.Rd1 Qa6+ 43.Qc4 Qa2+ 44.Rd2 Qa1 45.Qc5 Be4 46.Qe3 Qb1 47.Kf2 Qh1 48.Re2 Bd5
49.Qxe5 Qf3+ 50.Ke1 Qxb3 51.Qf5+ Kg7 52.Qg4+ Kh7 53.Qf4 Be6 54.h4 h5 55.Kf2
Bg4 56.Qe4+ Kg8 57.Rd2 Qb6+ 58.Kg2 Qa5 59.Qf4 Qa8+ 60.Kh2 Qb7 61.Qf6 {#r} 1-0

[Event "36th Zalakaros Open 2017"]
[Site "Zalakaros HUN"]
[Date "2017.05.25"]
[Round "8.28"]
[White "Kreisl,R"]
[Black "Gara,T"]
[Result "1-0"]
[WhiteElo "2448"]
[BlackElo "2329"]

1.c4 c5 2.Nc3 g6 3.e3 Bg7 4.d4 cxd4 5.exd4 Nf6 6.Bg5 d5 7.Qa4+ Bd7 8.Qb3 dxc4
9.Bxc4 O-O 10.d5 Na6 11.Bxa6 bxa6 12.Nge2 Rb8 13.Qa3 Bg4 14.f3 Bf5 15.Rd1 Qb6
16.d6 Rfe8 17.dxe7 Rb7 18.Rd6 Qxb2 19.Qxb2 Rxb2 20.Bxf6 Bxf6 21.Rxf6 Rxe7
22.Rd6 Be6 23.Rd2 {#r} 1-0

[Event "St Louis Spring Classic A"]
[Site "Saint Louis USA"]
[Date "2017.05.24"]
[Round "9.4"]
[White "Ipatov,Alexander"]
[Black "Xiong,Jeffery"]
[Result "1-0"]
[WhiteElo "2662"]
[BlackElo "2652"]

1.Nf3 c5 2.c4 Nf6 3.Nc3 d5 4.cxd5 Nxd5 5.e3 Nc6 6.Bb5 Nxc3 7.bxc3 Bd7 8.Rb1 e6
9.d4 cxd4 10.exd4 Be7 11.Bd3 Qc7 12.O-O O-O 13.Re1 Rac8 14.Bg5 h6 15.Bd2 b6
16.Qc1 Na5 17.Ne5 Nc6 18.Nf3 Na5 19.Ba6 Rcd8 20.Bf4 Bd6 21.Bxh6 f6 22.Qc2 Bc6
23.Bc1 Bd5 24.Bd3 Rc8 25.Bh7+ Kh8 26.Bg6 Qxc3 27.Qe2 Kg8 28.Nh4 Bc4 29.Qd1 Nc6
30.Bd2 {#r} 1-0

[Event "10th KIIT Elite Open 2017"]
[Site "Bhubaneswar IND"]
[Date "2017.05.29"]
[Round "6.22"]
[White "Raahul,V S"]
[Black "Wagh,Suyog"]
[Result "0-1"]
[WhiteElo "2311"]
[BlackElo "2138"]

1.c4 Nf6 2.Nc3 c5 3.Nf3 b6 4.d4 cxd4 5.Nxd4 Bb7 6.f3 d6 7.e4 e6 8.Be2 Be7
9.O-O O-O 10.Be3 a6 11.Qd2 Nbd7 12.Rfd1 Rc8 13.Rac1 Qc7 14.Bf1 Qb8 15.Qf2 Bd8
16.b4 Bc7 17.g3 Rfe8 18.Nb3 h5 19.Be2 d5 20.exd5 exd5 21.Nxd5 Nxd5 22.cxd5 Nf6
23.Bg5 Nxd5 24.b5 axb5 25.Bxb5 Re5 26.Bd2 h4 27.Nd4 Ne7 28.Nc6 Bxc6 29.Bxc6
hxg3 30.hxg3 Re6 31.Be4 Bxg3 32.Rxc8+ Nxc8 33.Qg2 Ne7 34.Bc3 f5 35.Bc2 Rg6
36.Bb3+ Kh7 37.Kf1 Be5 38.Bxe5 Qxe5 39.Qf2 Rh6 40.Kg1 Rg6+ 41.Kf1 Qb5+ 42.Ke1
Rh6 43.Rd4 Ng6 44.Kd2 Qc5 {#R} 0-1

[Event "26th Chicago Open 2017"]
[Site "Chicago USA"]
[Date "2017.05.26"]
[Round "2.7"]
[White "Shabalov,A"]
[Black "Grabinsky,Aaron"]
[Result "1-0"]
[WhiteElo "2556"]
[BlackElo "2351"]
[EventType "swiss"]

1.Nf3 Nf6 2.c4 c5 3.Nc3 e6 4.d4 cxd4 5.Nxd4 a6 6.e4 d6 7.Be2 b6 8.Be3 Bb7 9.f3
Be7 10.Qa4+ Nfd7 11.O-O O-O 12.Rfd1 Qc7 13.Rac1 Nc6 14.Nxc6 Bxc6 15.Qc2 Bb7
16.Bf1 Rac8 17.Qf2 Ba8 18.b4 Rb8 19.a4 Rfd8 20.Qa2 Bb7 21.Nd5 exd5 22.cxd5 Nc5
23.a5 Qd7 24.bxc5 bxc5 25.Rb1 Ra8 26.Rb6 Ra7 27.Bf4 h6 28.Bc4 Rda8 29.Bb3 Rf8
30.Ba4 Qd8 31.e5 Bg5 32.Bxg5 Qxg5 33.exd6 Qe3+ 34.Qf2 Qa3 35.Qc2 Qe3+ 36.Kf1
Bc8 37.Bc6 Qa3 38.Qa4 Qxa4 39.Bxa4 Bf5 40.Kf2 c4 41.g4 Bd3 42.d7 f5 43.Ke3
Raa8 44.Re6 fxg4 45.fxg4 h5 46.h3 hxg4 47.hxg4 Bh7 48.Kd4 Bd3 49.Re8 Bg6
50.Rde1 {#r} 1-0

[Event "chess.com Speed 5m+2spm 2017"]
[Site "chess.com INT"]
[Date "2017.05.24"]
[Round "1.3"]
[White "Meier,Geo"]
[Black "Karjakin,Sergey"]
[Result "0-1"]
[WhiteElo "2630"]
[BlackElo "2783"]

1.Nf3 c5 2.c4 Nc6 3.Nc3 Nf6 4.g3 d5 5.cxd5 Nxd5 6.Bg2 Nc7 7.d3 e5 8.Nd2 Be7
9.Nc4 f6 10.Bxc6+ bxc6 11.Qa4 Qd7 12.f3 Ne6 13.Be3 O-O 14.Rc1 Rb8 15.b3 Nd4
16.g4 Kh8 17.Ne4 Rd8 18.h4 Rb4 19.Qa3 Rb5 20.Qa4 Rb4 21.Qa5 Rb5 22.Qd2 Qc7
23.h5 Be6 24.Kf2 Bd5 25.Nb2 f5 26.gxf5 Nxf5 27.Bg5 Bxe4 28.fxe4 Nd4 29.Rcg1
Ne6 30.Bxe7 Qxe7 31.Nc4 Nf4 32.Rg3 h6 33.Ke1 Rb4 34.Qc3 Re8 35.Ne3 c4 36.Nxc4
Qc5 37.Rf3 a5 38.a3 Rb5 39.Kd2 Qe7 40.Nxe5 Rxe5 41.Rxf4 Qxa3 42.Ra1 Qe7 43.Qd4
Rxh5 44.Raf1 Kh7 45.Rf5 Rg5 46.Qc3 Rb8 47.Kc2 Rg2 48.R1f2 Rxf2 49.Rxf2 a4
50.bxa4 Qa7 51.Rg2 Qxa4+ 52.Kd2 Qa2+ 53.Ke3 Qa7+ 54.Qd4 c5 55.Qd5 Rf8 56.e5
Rf5 57.Qe4 c4+ 58.d4 Qa3+ 59.Kd2 Qb2+ 60.Kd1 g6 61.Rg1 Qa1+ 62.Kc2 Qxg1
63.Qb7+ Kg8 64.Qd5+ Kg7 65.e6 Rxd5 {#R} 0-1

[Event "10th KIIT Elite Open 2017"]
[Site "Bhubaneswar IND"]
[Date "2017.05.27"]
[Round "3.22"]
[White "Babujian,L"]
[Black "Raja,Rithvik R"]
[Result "1-0"]
[WhiteElo "2438"]
[BlackElo "2155"]

1.c4 c5 2.Nc3 Nc6 3.g3 g6 4.Bg2 Bg7 5.e3 e6 6.Nge2 Nge7 7.d4 cxd4 8.exd4 d5
9.cxd5 Nxd5 10.O-O O-O 11.h4 h6 12.Qb3 Nde7 13.Rd1 Qb6 14.Qxb6 axb6 15.Bf4 e5
16.dxe5 Nxe5 17.Rac1 N7c6 18.Rd5 Ra5 19.b3 Bg4 20.Kf1 Re8 21.Be3 Bxe2+ 22.Kxe2
Ng4 23.Rxa5 Nxa5 24.Nd5 Nc6 25.Nxb6 Nd4+ 26.Kd3 Nxe3 27.fxe3 Nf5 28.Rc8 Rxc8
29.Nxc8 b5 30.a4 bxa4 31.bxa4 Bf8 32.a5 Bc5 33.a6 Nxg3 34.e4 Bf2 35.a7 Bxa7
36.Nxa7 g5 37.hxg5 hxg5 38.Bh3 Nh5 39.Kd4 Nf4 40.Bg4 f6 41.Nc6 Kf7 42.Nb4 Kg7
43.Nd3 Ng6 44.Kd5 Ne7+ 45.Kd6 Ng6 46.Bf5 Nh4 47.Ke7 {#r} 1-0

[Event "Bodensee Open 2017"]
[Site "Bregenz AUT"]
[Date "2017.05.23"]
[Round "4.2"]
[White "Sergeev,Vl"]
[Black "Teske,H"]
[Result "0-1"]
[WhiteElo "2444"]
[BlackElo "2492"]

1.g3 c5 2.Bg2 Nc6 3.c4 g6 4.Nc3 Bg7 5.a3 e6 6.Rb1 a5 7.Nh3 Nge7 8.Nf4 d6 9.b3
O-O 10.Bb2 e5 11.Nfd5 Nxd5 12.Nxd5 Be6 13.e3 Rb8 14.Qe2 Ne7 15.Nxe7+ Qxe7
16.Bc3 Qc7 17.O-O b6 18.Rfd1 Rfe8 19.Qd3 Bf5 20.Be4 Bxe4 21.Qxe4 b5 22.cxb5
Rxb5 23.a4 Rbb8 24.Rdc1 Qb6 25.d3 Re7 26.Qd5 Ra7 27.h4 h5 28.Kf1 Ra6 29.Ke2
Qb7 30.Qxb7 Rxb7 31.Kd1 f5 32.Kc2 Kf7 33.e4 Ke6 34.Re1 Rf7 35.Re2 Raa7 36.Rg1
fxe4 37.dxe4 Rf3 38.Rb1 Bf6 39.Bd2 Bd8 40.Be3 Rb7 41.Kd3 g5 42.Reb2 gxh4
43.gxh4 Bxh4 44.Rh1 Bxf2 45.Rxf2 Rxb3+ 46.Kd2 Rb2+ 47.Kc1 Rfxf2 48.Bxf2 Rxf2
49.Rxh5 Ra2 {#R} 0-1

[Event "Bodensee Open 2017"]
[Site "Bregenz AUT"]
[Date "2017.05.23"]
[Round "4.3"]
[White "Malakhatko,V"]
[Black "Welling,G"]
[Result "1-0"]
[WhiteElo "2487"]
[BlackElo "2307"]

1.c4 c5 2.g3 g6 3.Bg2 Bg7 4.Nc3 Nc6 5.a3 b6 6.e3 Bb7 7.Nge2 Qc8 8.d3 h5 9.h3
Nd4 10.e4 Nxe2 11.Qxe2 Nh6 12.O-O Qc6 13.Nd5 e6 14.Rb1 Kf8 15.Ne3 Qc7 16.b4
Re8 17.Bb2 Ba8 18.Rfd1 h4 19.g4 Qf4 20.Bc1 Qc7 21.g5 Ng8 22.Ng4 Ne7 23.Be3 Nc6
24.bxc5 {#r} 1-0

[Event "36th Zalakaros Open 2017"]
[Site "Zalakaros HUN"]
[Date "2017.05.23"]
[Round "6.35"]
[White "Studer,N"]
[Black "Banzea,Alexandru-Bogdan"]
[Result "1-0"]
[WhiteElo "2498"]
[BlackElo "2278"]

1.c4 c5 2.Nc3 Nc6 3.g3 g6 4.Bg2 Bg7 5.Nf3 e5 6.d3 Nge7 7.O-O O-O 8.Bd2 d6 9.a3
h6 10.Rb1 Be6 11.Qc1 Kh7 12.b4 cxb4 13.axb4 d5 14.cxd5 Nxd5 15.Ne4 Rc8 16.Nc5
Qe7 17.Nxe6 Qxe6 18.Qa3 Nd4 19.Nxd4 exd4 20.Qxa7 Nc3 21.Rb2 Nxe2+ 22.Kh1 Nc3
23.Qxb7 Rb8 24.Qc6 Rb6 25.Qxe6 fxe6 26.Re1 Rfb8 27.h4 h5 28.Bf4 e5 29.Bxe5
Bxe5 30.Rxe5 Rxb4 31.Rxb4 Rxb4 32.Be4 Kg7 33.Re6 Kf7 34.Re5 Kf6 35.Re8 Kf7
36.Re5 Kf6 37.Re8 Kf7 38.Bc6 Rb1+ 39.Kg2 Rd1 40.Ra8 Rxd3 41.Be8+ Kf6 42.Ra6+
Ke7 43.Bxg6 Rd2 44.Ra7+ Ke6 45.Bf7+ Kd6 46.Bxh5 Ne4 47.Rf7 d3 48.Bg6 Nc5 49.h5
Re2 50.h6 d2 51.Bc2 Re6 52.h7 Rh6 53.Rf6+ {#r} 1-0

[Event "TCh-FRA Top 12 2017"]
[Site "Chartres FRA"]
[Date "2017.05.27"]
[Round "10.1"]
[White "Gajewski,G"]
[Black "Coursaget,N"]
[Result "1-0"]
[WhiteElo "2634"]
[BlackElo "2311"]

1.Nf3 Nf6 2.g3 g6 3.c4 c5 4.Nc3 Nc6 5.Bg2 Bg7 6.d4 cxd4 7.Nxd4 Nxd4 8.Qxd4 O-O
9.O-O d6 10.Qd3 Be6 11.Bd2 Qd7 12.Rfd1 Rfc8 13.b3 Bh3 14.Bh1 Ng4 15.Rac1 Rc5
16.Nd5 Ne5 17.Qe3 Re8 18.Bc3 b6 19.Bd4 Rcc8 20.Qc3 f6 21.Qd2 Be6 22.a4 Bf7
23.Bb2 h5 24.Bg2 Kh7 25.Qc2 Nc6 26.Nf4 Kh6 27.Be4 f5 28.Bd5 e5 29.Bxf7 Qxf7
30.Nh3 Bf8 31.e4 Be7 32.f4 fxe4 33.Rf1 Qf5 34.Qg2 Nd4 35.Kh1 Nf3 36.Rcd1 exf4
37.Nxf4 Rc5 38.Qe2 g5 39.Nd5 Rcc8 40.Nxe7 Rxe7 41.Rxd6+ Kh7 42.Rf6 Qc5 43.Qc2
g4 44.R1xf3 gxf3 45.Qd2 e3 46.Qd3+ Kg8 47.Rh6 Rcc7 48.Qd8+ {#r} 1-0

[Event "Deltalift Open 2017"]
[Site "Tylosand SWE"]
[Date "2017.05.25"]
[Round "4.10"]
[White "Haugli,P"]
[Black "Svorono,Gabriel"]
[Result "1-0"]
[WhiteElo "2257"]
[BlackElo "2022"]

1.c4 c5 2.Nc3 Nc6 3.g3 g6 4.Bg2 Bg7 5.Nf3 Nf6 6.d4 cxd4 7.Nxd4 O-O 8.O-O Nxd4
9.Qxd4 d6 10.Qd3 Nd7 11.b3 Nc5 12.Qd2 Be6 13.Bb2 Qb6 14.e4 a5 15.Nd5 Bxd5
16.Bxg7 Kxg7 17.exd5 f6 18.Rfe1 Rfe8 19.Re3 Rac8 20.Rae1 Rc7 21.Qb2 Kf7 22.h4
h5 23.Bh3 f5 24.Qd4 Nd7 25.Qf4 Nf6 26.Kg2 Qc5 27.a4 Qa3 28.f3 Kg7 29.R1e2 Qa1
30.g4 fxg4 31.fxg4 hxg4 32.Bxg4 Qb1 33.Rg3 Nxg4 34.Qxg4 Rf8 35.Rf2 Rcc8
36.Rgf3 Rxf3 37.Qxf3 Qf5 38.Qxf5 gxf5 39.Rxf5 Kg6 40.Rf3 Rh8 41.Kg3 Rh5 42.Re3
Rh7 43.Kg4 Rg7 44.h5+ Kf6+ 45.Kf4 Rg1 46.Rh3 Rf1+ 47.Ke4 Kg7 48.h6+ Kh7 49.Kd4
Rd1+ 50.Kc3 Rc1+ 51.Kd2 Rf1 52.Re3 Rf7 53.Re6 Kg8 54.Kc3 Rf3+ 55.Kb2 Rf7
56.Ka3 Kf8 57.Rg6 Rf2 58.h7 {#r} 1-0

[Event "26th Chicago Open 2017"]
[Site "Chicago USA"]
[Date "2017.05.26"]
[Round "2.38"]
[White "Lin,Andy"]
[Black "Niemann,Hans M"]
[Result "1-0"]
[WhiteElo "2147"]
[BlackElo "2282"]
[EventType "swiss"]

1.Nf3 Nf6 2.g3 c5 3.Bg2 Nc6 4.d4 cxd4 5.Nxd4 g6 6.c4 Bg7 7.Nc3 O-O 8.O-O a6
9.c5 Nxd4 10.Qxd4 d6 11.cxd6 Ne8 12.Qd3 Nxd6 13.Bf4 Nb5 14.Qxd8 Rxd8 15.Rfd1
Bg4 16.Bxb7 Nxc3 17.bxc3 Bxe2 18.Rxd8+ Rxd8 19.Re1 Bg4 20.Rxe7 Bh3 21.Bf3 Bf6
22.Ra7 g5 23.Be3 Rb8 24.Ra8 Rxa8 25.Bxa8 Be6 26.a3 Bxc3 27.Bxg5 f6 28.Be3 Kf7
29.f3 Bc4 30.Kf2 Ke6 31.Be4 f5 32.Bc2 Bb2 33.a4 h5 34.h3 Ke5 35.f4+ Kf6 36.Bd1
Kg6 37.Bc2 Kf6 38.Bd1 Kg6 39.Bb6 Bc3 40.a5 Bb4 41.Bc2 Bb5 42.Bd8 {#r} 1-0

[Event "26th Chicago Open 2017"]
[Site "Chicago USA"]
[Date "2017.05.27"]
[Round "4.6"]
[White "Tarjan,J"]
[Black "Stukopin,A"]
[Result "0-1"]
[WhiteElo "2411"]
[BlackElo "2586"]
[EventType "swiss"]

1.c4 c5 2.g3 Nc6 3.Bg2 g6 4.Nc3 Bg7 5.Nf3 Nf6 6.d4 cxd4 7.Nxd4 Nxd4 8.Qxd4 d6
9.O-O O-O 10.Qd3 a6 11.Bd2 Bf5 12.e4 Be6 13.b3 Ng4 14.Rac1 b5 15.cxb5 axb5
16.Qxb5 Bxc3 17.Bxc3 Rxa2 18.Ra1 Rxa1 19.Rxa1 Qc7 20.Bd4 Rb8 21.Qa5 Qxa5
22.Rxa5 f6 23.Ra3 Bxb3 24.Bh3 Be6 25.f3 Rb1+ 26.Kg2 h5 27.Ra1 Rb4 28.Rd1 Kf7
29.Rd2 Bd7 30.Rd1 e5 31.Bc5 Rb2+ 32.Kg1 Nxh2 33.Bg2 Bh3 34.Bf2 Bxg2 35.Kxg2 f5
36.exf5 gxf5 37.Rxd6 e4 38.Rh6 e3 39.Kxh2 Rxf2+ 40.Kg1 Rxf3 41.Kg2 e2 42.Rh7+
Kf6 43.Rh6+ Ke5 44.Rh8 Re3 {#R} 0-1

[Event "4th Gligoric Cup 2017"]
[Site "Novi Banovci SRB"]
[Date "2017.05.27"]
[Round "4.3"]
[White "Pecelj,N"]
[Black "Djuric,S"]
[Result "0-1"]
[WhiteElo "2141"]
[BlackElo "2424"]

1.c4 g6 2.g3 Bg7 3.Bg2 c5 4.Nc3 Nc6 5.Nf3 Nf6 6.d4 cxd4 7.Nxd4 O-O 8.O-O Nxd4
9.Qxd4 d6 10.b3 Ng4 11.Qd2 a6 12.Qb2 Rb8 13.Rd1 Qb6 14.e3 Be6 15.Nd5 Bxd5
16.Bxd5 Bxb2 17.Bxb2 {#R} 0-1

[Event "TCh-FRA Top 12 2017"]
[Site "Chartres FRA"]
[Date "2017.05.24"]
[Round "7.4"]
[White "Pelletier,Y"]
[Black "Youssoupov,M"]
[Result "1-0"]
[WhiteElo "2543"]
[BlackElo "2233"]

1.Nf3 g6 2.d4 Bg7 3.c4 c5 4.e4 Qa5+ 5.Nc3 Nc6 6.d5 Nd4 7.d6 e6 8.Bd2 Qb6
9.Nxd4 cxd4 10.Nb5 Kf8 11.Bd3 a6 12.Nc7 Rb8 13.Qb3 Qc6 14.O-O f5 15.exf5 gxf5
16.c5 b5 17.a4 b4 18.Rac1 Nf6 19.f3 h5 20.Rfe1 h4 21.Bxf5 Rh5 22.Be4 Nxe4
23.fxe4 Rxc5 24.Qf3+ Kg8 25.Rf1 Bb7 26.Qf7+ Kh7 27.Rxc5 Qxc5 28.Rf6 d3+ 29.Kh1
Kh8 30.Ne8 Rxe8 31.Qxe8+ Kh7 32.Qg6+ Kh8 33.Bh6 Bxf6 34.Qxf6+ Kh7 35.Qg7# 1-0